01051 a2200181 45000010006000000050017000060080041000230030015000640400040000790800034001192450038001532500011001912640041002023000019002435050573002620410008008351000026008432229320260407155512.0260407a1994 arg spa dAR-UNSa-BCEJYS aAR-UNSa-BCEJYSbspacAR-UNSa-BCEJYS a342.9xDerecho Administrativo10aTratado de derecho administrativo a4a. ed 1aBuenos Aires :bAbeledo Perrotc1994 a642 p.c23 cm. aTítulo VII: 1. Contratos de la Administración pública - 2. Contrato administrativo y contrato de derecho común de la administración pública - 3. Formación y prueba del contrato administrativo - 4. Elección del cocontratante de la administración - 5. Caracteres del contrato administrativo - 6. Elementos del contrato administrativo - 7. Efectos del contrato administrativo - 8. Ejecución de los contratos administrativos - 9. Vicios o defectos de los contratos administrativos - 10. Terminación o finalización de los contratos administrativos.  aspa1 aMarienhoff, Miguel S.